00658cam a2200205 a 450000100060000000300090000600500170001500800410003202000160007302000180008904000380010708200200014510000260016524500790019126000470027030000450031750000200036265000430038270000270042515821BD-DhUAP20210130163455.0200302s1998 bg abf b f000 0 eng  a0870706675  a9780870706677 aBD-DhUAPcBD-DhUAPdBD-DhUAPbEng a741.940 ORA223 aOramas, Luis Pérez. aAn atlas of drawings : btransforming chronologies /cLuis Pérez Oramas. aNew York : bMuseum of Modern Art,cc2006. avarious pages :billustrations ;c25 cm. aIncludes index. aMuseum of Modern Art (New York, N.Y.). aSchneider, Friederike